000
00269nam a2200109Ia 4500
008
190911s9999||||xx |||||||||||||| ||und||
100
_a
Albeverio,Sergio.
245
0
_a
Noncommutative Distributions
260
_a
New York
_b
Mc Graw Hill
_c
1993
300
_a
190
942
_c
BK
999
_c
6804
_d
6804